| 000 | 00710cam a2200217 4500 | ||
|---|---|---|---|
| 001 | WB3610-26 | ||
| 008 | 000000n2000 000 0 eng u | ||
| 035 | _a(Sirsi) u104570 | ||
| 245 | _aRental market | ||
| 260 | _c2000 | ||
| 490 |
_aRICS Press Release _v(pr021) 3 March 2000 (2) |
||
| 520 | _aThe latest RICS Residential Lettings Survey shows that demand in the private rented sector is on the rise again as soaring house prices make renting a more affordable option. | ||
| 590 | _aWB | ||
| 650 | _aPRIVATE RENTED SECTOR | ||
| 650 | _aRICS SURVEY | ||
| 650 | _aRESIDENTIAL LETTINGS | ||
| 650 | _aHOUSE PRICES | ||
| 650 | _aRENTAL LEVELS | ||
| 690 | _aHOUSING-PRIVATE RENTED SECTOR | ||
| 942 | _n0 | ||
| 999 |
_c62754 _d62754 |
||